000 00734nam a22002177a 4500
005 20180728161739.0
010 _a1516EN07 ENG-114789
020 _c399.00
_a9780143423904
035 _aEN-98321
035 _aB-604413-428, B-215058
037 _bAakar/VEN
_aDPL
037 _bDBAD/PUB
082 _aN
100 _aDesai, Kiran
245 _aThe inheritance of loss /
_cby Kiran Desai
260 _aGurgaon
_bPenguin Books
_c2015
270 _bGurgaon
_e122002
_a7th Floor, Infinity Tower C DLF Cyber City
300 _a324p.
_c21cm(pbk)
942 _2ddc
_cEN
_m DES
_hN
999 _c96218
_d96218